An introduction to Islamic law / (Record no. 588312)
[ view plain ]
| 000 -LEADER | |
|---|---|
| fixed length control field | 00684cam a22002054a 4500 |
| 020 ## - INTERNATIONAL STANDARD BOOK NUMBER | |
| International Standard Book Number | 9780521678735 (pbk.) |
| 082 04 - DEWEY DECIMAL CLASSIFICATION NUMBER | |
| Classification number | 340.59 |
| 100 1# - MAIN ENTRY--PERSONAL NAME | |
| Personal name | Hallaq, Wael B., |
| Dates associated with a name | 1955- |
| 245 13 - TITLE STATEMENT | |
| Title | An introduction to Islamic law / |
| Statement of responsibility, etc. | Wael B. Hallaq. |
| 260 ## - PUBLICATION, DISTRIBUTION, ETC. | |
| Place of publication, distribution, etc. | U.K ; |
| -- | New York : |
| Name of publisher, distributor, etc. | Cambridge University Press, |
| Date of publication, distribution, etc. | 2009. |
| 300 ## - PHYSICAL DESCRIPTION | |
| Extent | vii, 200 p. ; |
| Dimensions | 24 cm. |
| 504 ## - BIBLIOGRAPHY, ETC. NOTE | |
| Bibliography, etc. note | Includes bibliographical references (p. 184-191) and index. |
| 650 #0 - SUBJECT ADDED ENTRY--TOPICAL TERM | |
| Topical term or geographic name entry element | Islamic law. |
| 650 #0 - SUBJECT ADDED ENTRY--TOPICAL TERM | |
| Topical term or geographic name entry element | Islamic law |
| 650 17 - SUBJECT ADDED ENTRY--TOPICAL TERM | |
| Topical term or geographic name entry element | Islamitisch recht. |
| 942 ## - ADDED ENTRY ELEMENTS (KOHA) | |
| Source of classification or shelving scheme | |
| Koha item type | Book |
| 650 #0 - SUBJECT ADDED ENTRY--TOPICAL TERM | |
| -- | 90124 |
| 650 #0 - SUBJECT ADDED ENTRY--TOPICAL TERM | |
| -- | 90125 |
| 650 17 - SUBJECT ADDED ENTRY--TOPICAL TERM | |
| -- | 90126 |
| Withdrawn status | Lost status | Source of classification or shelving scheme | Damaged status | Not for loan | Permanent Location | Current Location | Date acquired | Full call number | Barcode | Date last seen | Price effective from | Koha item type | Total Checkouts |
|---|---|---|---|---|---|---|---|---|---|---|---|---|---|
| NUST Law School (NLS) | NUST Law School (NLS) | 02/25/2022 | 340.59 HAL | CL-994 | 09/19/2022 | 02/25/2022 | Book | ||||||
| NUST Law School (NLS) | NUST Law School (NLS) | 03/14/2025 | 340.59 HAL | NLS-1396 | 03/14/2025 | 03/14/2025 | Book |
